000 00419nam a2200169Ia 4500
008 090123s9999 xx 000 0 und d
082 _b18046
100 _aशक्ति
245 _aअकबर बिरबल
250 _a0
300 _a63
600 _aशक्ति
630 _aअकबर बिरबल
700 _aशक्ति
730 _aअकबर बिरबल
942 _cBOOK
999 _c56106
_d56106